| 000 | 00620nam a2200181 a 4500 | ||
|---|---|---|---|
| 001 | 000038088 | ||
| 005 | 20201002031155.0 | ||
| 008 | 130313s1967 ck 000 0 spa d | ||
| 020 | _a157554377X | ||
| 040 |
_aDO-SdBNP _bspa _cBNPHU |
||
| 100 | 1 |
_aWhite, Elena G., de _952945 |
|
| 240 | 1 | 0 |
_aMensages to young people _lEspañol |
| 245 | 1 | 0 |
_aMensajes para los jóvenes / _cElena G. De White ; traducción Staff de la ACES. |
| 260 |
_aMiami, Florida : _bAsociación Publicadora Interamericana , _c1967. |
||
| 300 |
_a272 p. : ; _cil. ;. |
||
| 500 | _aTraducido del idioma inglés | ||
| 700 | 1 |
_aStaff de la ACES _etr. _964477 |
|
| 999 |
_c37578 _d37578 |
||